000
00320nam a22001457a 4500
008
210312b ||||| |||| 00| 0 eng d
020
_a
0060456027
041
_a
eng
080
_a
611.085
082
_a
611.085
100
_a
9
101
_a
HIS
245
_a
Histology a text and Atlas
_c
Ross, M. H
942
_2
udc
_c
BK
999
_c
56476
_d
56476